RAMSES 2003 rapport annuel mondial sur le système économique et les stratégies

Gespeichert in:
Bibliographische Detailangaben
Format: Buch
Sprache:Französisch
Veröffentlicht: Paris DUNOD 2002
Schlagworte:
Tags: Tag hinzufügen
Keine Tags, Fügen Sie das erste Tag hinzu!

MARC

LEADER 00000nam$a2200000$$$4500
001 0113215
005 20230120075900.1
020 |a 2-10-006369-3 
041 0 |a fre 
044 |a FR 
245 1 0 |a RAMSES 2003  |b rapport annuel mondial sur le système économique et les stratégies 
264 1 |a Paris  |b DUNOD  |c 2002 
300 |a 375 s. 
610 2 0 |a úroveň rozvoja hospodárskeho 
610 2 0 |a rozvoj hospodársky 
610 2 0 |a terorizmus 
610 2 0 |a bezpečnosť 
610 2 0 |a situácia hospodárska 
610 2 0 |a spolupráca medzinárodná 
610 2 0 |a porovnanie medzinárodné 
610 2 0 |a údaje štatistické medzinárodné